ZRÝCHLENIE SIMULAČNÝCH MODELOV PRE TEPELNÉ SPRACOVANIE ZRNITÝCH MATERIÁLOV

Bibliographic Details
Main Authors: Babjaková, Anna (Author), Naščák, Dušan (Author), Spišák, Ján (Author), Šindler, Vratislav (Author)
Format: Article
Language:Slovak

MARC

LEADER 00000naa a2200000uu 4500
001 vtls010933378
003 SK-MaSNL
005 20260302122555.0
008 210824|2011 xo |||||||||||||||||slo|
015 |a SNBRA 
035 |a (urnnbn)urn:nbn:sk:snk:ar-a0b5pg 
035 |a (uuid)35540f4d-c25c-4441-9d19-84abad67c9c0 
035 |a urn:nbn:sk:snk-aaty4m 
040 |a SNKBUCL  |b slo  |c SNKBUCL  |e AACR2 
041 0 |a slo 
044 |a xo  |c SK 
100 1 |a Babjaková, Anna  |4 aut  |9 691828 
245 1 0 |a ZRÝCHLENIE SIMULAČNÝCH MODELOV PRE TEPELNÉ SPRACOVANIE ZRNITÝCH MATERIÁLOV  |c Anna Babjaková, Dušan Naščák, Ján Spišák, Vratislav Šindler 
246 3 |a ACCELERATION OF SIMULATION MODELS FOR RAW MATERIALS THERMAL TREATMENT 
700 1 |a Naščák, Dušan  |4 aut  |9 786652 
700 1 |a Spišák, Ján  |4 aut  |9 9384 
700 1 |a Šindler, Vratislav  |4 aut  |9 300282 
773 0 |t Pokročilé technológie v oblasti získavania a spracovania surovín  |d V Košiciach : Technická univerzita, 2011  |g S. 223-227 
958 |a OND 
958 |a article11 
958 |a chapter 
999 |c 1278639  |d 1280569